000
00285nam a2200109Ia 4500
008
171211s9999 xx 000 0 und d
245
_a
Making Assessment Matter
245
_c
Graham Butt
260
_c
2010
650
_x
BUSINESS
856
_u
http://down.ebook777.com/062/1847063837.pdf
999
_c
349493
_d
349493